UBT Library

The practical entomologist / (Record no. 43384)

000 -LEADER
fixed length control field 00737pam a2200229 a 4500
001 - CONTROL NUMBER
control field 1070519
005 - DATE AND TIME OF LATEST TRANSACTION
control field 20180226032345.0
008 - FIXED-LENGTH DATA ELEMENTS--GENERAL INFORMATION
fixed length control field 910606s1992 nyua 001 0 eng
010 ## - LIBRARY OF CONGRESS CONTROL NUMBER
LC control number 91023905
020 ## - INTERNATIONAL STANDARD BOOK NUMBER
International Standard Book Number 0671746960 (cloth) :
Terms of availability $27.95
020 ## - INTERNATIONAL STANDARD BOOK NUMBER
International Standard Book Number 0671746952 (Fireside : pbk.)
040 ## - CATALOGING SOURCE
Original cataloging agency DLC
Transcribing agency DLC
Modifying agency DLC
041 ## - LANGUAGE CODE
Language code of text/sound track or separate title eng
080 ## - UNIVERSAL DECIMAL CLASSIFICATION NUMBER
Universal Decimal Classification number 595.7 RIC
082 00 - DEWEY DECIMAL CLASSIFICATION NUMBER
Classification number 595.7 RIC
Edition number 20
100 1# - Rafti
Rafti 11
101 ## - Shkurtesa
Shkurtesa BIO
245 14 - TITLE STATEMENT
Title The practical entomologist /
Statement of responsibility, etc Rick Imes.
906 ## - LOCAL DATA ELEMENT F, LDF (RLIN)
a 7
b cbc
c orignew
d 1
e ocip
f 19
g y-gencatlg
942 ## - ADDED ENTRY ELEMENTS (KOHA)
Source of classification or shelving scheme
Item type Books
Holdings
Withdrawn status Lost status Source of classification or shelving scheme Damaged status Not for loan Collection code Permanent location Current location Shelving location Date acquired Total Checkouts Full call number Barcode Date last seen Price effective from Koha item type
          Koleksioni i përgjithshem UBT - Lipjan UBT - Lipjan Koleksioni i përgjithshem 02/26/2018   595.7 RIC 002-2999439 02/26/2018 02/26/2018 Books
UBT Library © 2015-2024. All rights reserved University Education for Business and Technology